Statistics for Alice In Chains- Rooster Lyrics

Click here to take the quiz!

General Stats

  • This quiz has been taken 58 times
  • The average score is 18 of 23

Answer Stats

HintAnswer% Correct
to ___ me yetkill
96%
You know he ain't gonna ___die
90%
You know he ain't gonna ____die
90%
Here they come to snuff the ______Rooster
90%
Yeah, here come the _____Rooster
90%
Here they come to ____ the Roostersnuff
90%
Wife and ____kids
88%
Yeah, here ____ the Roostercome
86%
Ain't ___ _ __found a way
84%
Oh God please, won't you ____ me make it throughhelp
84%
No, no, no, you ____ he ain't gonna dieknow
84%
My buddy's breathin' his ____ ____dying breath
82%
Household ___pet
82%
They ___ on me and my homelandspit
80%
Eyes burn with ____ sweatstinging
78%
The ____ scream to mebullets
76%
Seems that ____ ____ leads me to nowhereevery path
75%
From _____somewhere
73%
Walking tall ____ ___ ___machine gun man
71%
Army ___ was no safe betgreen
69%
___, ___, ___ you know he ain't gonna dieno no no
69%
____ sent me pictures of my boyGloria
51%
Got my pills against ______ ____mosquito death
49%

Score Distribution

Percentile by Number Answered

Percent of People with Each Score

Your Score History

You have not taken this quiz